[Event "Online Olym Div3 D 2020"]
[Site "chess.com INT"]
[Date "2020.07.09"]
[Round "9.1"]
[Board "6"]
[White "Chihi, Malek"]
[Black "Monroy G., Nataly A."]
[Result "0-1"]
[WhiteTitle "WCM"]
[BlackTitle "WIM"]
[WhiteElo "1664"]
[BlackElo "1957"]
[WhiteTeam "Tunisia"]
[BlackTeam "Bolivia"]
[WhiteFideId "5504430"]
[BlackFideId "3304019"]
[EventDate "2020.07.07"]
[EventType "team"]

1. e4 c5 2. Nf3 Nc6 3. d4 cxd4 4. Nxd4 g6 5. Nc3 Bg7 6. Nb3 Nf6 7. Be2 O-O 8.
O-O d6 9. Bg5 a5 10. a4 h6 11. Be3 Kh7 12. Qd2 Be6 13. Nd4 Nxd4 14. Bxd4 Rc8 15.
Qe3 Ng4 16. Bxg4 Bxd4 17. Qxd4 Bxg4 18. Rac1 Be6 19. Qe3 Qc7 20. Rfd1 Qc5 21.
Qg3 Qb4 22. h3 Qxb2 23. Nd5 Bxd5 24. exd5 Qc3 25. Qh4 Rfe8 26. Rd3 Qb2 27. Rdd1
Qc3 28. Qf4 Kg7 29. Rd3 Qf6 30. Qe3 Rc5 31. Rb3 Rxd5 32. Rxb7 Re5 33. Qc3 Rc5
34. Qe3 Qe5 35. Qd3 Qg5 36. Qd4+ Qf6 37. Qd3 Rec8 38. Re1 Rxc2 39. Qg3 R8c3 40.
f3 Rc7 41. Rb5 R2c5 42. Rbb1 Rg5 43. Qf2 Rgc5 44. Qe3 e6 45. Rbc1 Rxc1 46. Rxc1
Rxc1+ 47. Qxc1 Qd4+ 48. Kh2 Qxa4 49. Qc3+ e5 50. Qd3 Qf4+ 51. Kg1 Qd4+ 52. Qxd4
exd4 53. Kf2 a4 54. Kg3 a3 55. Kh4 a2 56. g4 a1=Q 57. Kg3 Qg1+ 58. Kf4 Qe3+ 59.
Kg3 d3 60. Kg2 d2 61. Kg3 d1=Q 62. Kh4 Qde1# 0-1

[Event "Online Olym Div3 D 2020"]
[Site "chess.com INT"]
[Date "2020.07.09"]
[Round "9.2"]
[Board "1"]
[White "Hoffman, Alejandro"]
[Black "Ynojosa Aponte, Felix Jose"]
[Result "0-1"]
[WhiteTitle "GM"]
[BlackTitle "IM"]
[WhiteElo "2474"]
[BlackElo "2393"]
[WhiteTeam "Uruguay"]
[BlackTeam "Venezuela"]
[WhiteFideId "100340"]
[BlackFideId "3900258"]
[EventDate "2020.07.07"]
[EventType "team"]

1. d4 Nf6 2. Nf3 e6 3. c4 d5 4. e3 c6 5. Nbd2 Ne4 6. Qc2 f5 7. g3 Bd6 8. Bg2 O-O
9. b3 Nd7 10. Bb2 a6 11. O-O Qe7 12. Rad1 b5 13. Ne5 Nxe5 14. dxe5 Bb4 15. Nb1
Ba5 16. f3 Ng5 17. c5 Bc7 18. Bd4 a5 19. Nc3 Nf7 20. f4 g5 21. h3 h5 22. g4 hxg4
23. hxg4 Nh6 24. gxf5 Nxf5 25. Rf2 g4 26. Bf1 Rf7 27. Bd3 b4 28. Bxf5 exf5 29.
Ne2 Rh7 30. Ng3 Rh3 31. Rg2 Qh7 32. Kf2 Bd8 33. Rdg1 Bh4 34. e6 Bxe6 35. Qd2 Kf7
36. Qe1 Qg8 37. Rh1 a4 38. Rhg1 axb3 39. axb3 Ra2+ 40. Kf1 Qa8 41. Qxb4 Qa6+ 42.
Ne2 Rf3+ 0-1

[Event "Online Olym Div3 D 2020"]
[Site "chess.com INT"]
[Date "2020.07.09"]
[Round "9.2"]
[Board "2"]
[White "Martinez Reyes, Pedro Ramon"]
[Black "Roselli Mailhe, Bernardo"]
[Result "0-1"]
[WhiteTitle "FM"]
[BlackTitle "IM"]
[WhiteElo "2422"]
[BlackElo "2429"]
[WhiteTeam "Venezuela"]
[BlackTeam "Uruguay"]
[WhiteFideId "3901807"]
[BlackFideId "3000028"]
[EventDate "2020.07.07"]
[EventType "team"]

1. e4 c5 2. Nf3 e6 3. c3 d5 4. exd5 exd5 5. d4 Nc6 6. Bb5 Bd6 7. O-O Ne7 8. Be3
cxd4 9. Nxd4 O-O 10. Nd2 Bc7 11. N2f3 Bg4 12. h3 Bh5 13. Be2 a6 14. Nxc6 bxc6
15. Bc5 Re8 16. Nd4 Bxe2 17. Qxe2 Ng6 18. Qh5 Re5 19. Qg4 Rg5 20. Nxc6 Qf6 21.
Ne7+ Nxe7 22. Bxe7 Qxe7 23. Qf3 Qe4 24. Qxe4 dxe4 25. Rfe1 f5 26. Rad1 Rd8 27.
Rxd8+ Bxd8 28. Rd1 Be7 29. Rd7 Kf7 30. Kf1 Rg6 31. Ra7 Rc6 32. Ke2 Kf6 33. Kd2
Bc5 34. Ra8 Bxf2 35. Ke2 Bg3 36. a4 Bf4 37. Rf8+ Ke6 38. Re8+ Kf7 39. Rd8 Rd6
40. Rxd6 Bxd6 41. b4 Ke6 42. a5 Kd5 43. g4 f4 44. b5 axb5 45. a6 Bc5 0-1

[Event "Online Olym Div3 D 2020"]
[Site "chess.com INT"]
[Date "2020.07.09"]
[Round "9.2"]
[Board "3"]
[White "de Leon, Patricia"]
[Black "Rovira Contreras, Tairu Manuela"]
[Result "1-0"]
[WhiteTitle "WFM"]
[BlackTitle "WIM"]
[WhiteElo "2004"]
[BlackElo "2058"]
[WhiteTeam "Uruguay"]
[BlackTeam "Venezuela"]
[WhiteFideId "3000273"]
[BlackFideId "3900533"]
[EventDate "2020.07.07"]
[EventType "team"]

1. d4 Nf6 2. c4 g6 3. Nc3 Bg7 4. e4 d6 5. f3 O-O 6. Be3 e5 7. d5 c6 8. Qd2 a6 9.
O-O-O Ne8 10. g4 b5 11. h4 h6 12. Bxh6 b4 13. Nce2 cxd5 14. cxd5 a5 15. Kb1 Ba6
16. Nc1 Ra7 17. h5 Bxh6 18. Qxh6 g5 19. Bxa6 Nxa6 20. Nge2 f6 21. Qg6+ Rg7 22.
Qf5 Nc5 23. Ng3 Qd7 24. Qxd7 Rxd7 25. Nf5 Nc7 26. Nd3 Nxd3 27. Rxd3 Na6 28. Rc1
Nc5 29. Rd2 b3 30. Nxd6 bxa2+ 31. Kxa2 Na4 32. Nf5 Rb8 33. b3 Nb6 34. Rdc2 a4
35. bxa4 Nxa4 36. Rc8+ Rxc8 37. Rxc8+ Kh7 38. Kb3 Nb6 39. Rc6 Rb7 40. Kc2 Na4
41. d6 Rb2+ 42. Kc1 Rb3 43. Rc7+ Kg8 44. d7 Rd3 45. Rc8+ 1-0

[Event "Online Olym Div3 D 2020"]
[Site "chess.com INT"]
[Date "2020.07.09"]
[Round "9.2"]
[Board "4"]
[White "Patino Garcia, Corals"]
[Black "Silva Rosas, Natalia"]
[Result "1-0"]
[WhiteTitle "WFM"]
[BlackTitle "WCM"]
[WhiteElo "1921"]
[BlackElo "1771"]
[WhiteTeam "Venezuela"]
[BlackTeam "Uruguay"]
[WhiteFideId "3902781"]
[BlackFideId "3000575"]
[EventDate "2020.07.07"]
[EventType "team"]

1. d4 f5 2. c4 Nf6 3. Nc3 g6 4. h4 Bg7 5. h5 c6 6. hxg6 hxg6 7. Rxh8+ Bxh8 8.
Qd3 d5 9. cxd5 Nxd5 10. Nf3 Be6 11. Ne5 Bf7 12. Qh3 Bg7 13. Qh7 Bxe5 14. dxe5 e6
15. Bd2 Qe7 16. O-O-O Qf8 17. e4 Nxc3 18. Bxc3 fxe4 19. Qh4 Nd7 20. Bc4 Qe7 21.
Qh8+ Qf8 22. Qh4 Qe7 23. Qxe4 O-O-O 24. f4 Nb6 25. Rxd8+ Qxd8 26. Bb3 Nd5 27.
Bd4 Qa5 28. g4 Nb4 29. a3 Nd3+ 30. Qxd3 Qe1+ 31. Kc2 Qh4 32. Bxa7 Qxg4 33. Bb6
Qf5 34. Qxf5 gxf5 35. Bc4 Kd7 36. b4 Bh5 37. a4 Bf3 38. Kc3 Be4 39. Be2 Bd5 40.
Kd4 Be4 41. Kc5 Bd5 42. b5 Ke7 43. bxc6 Bxc6 44. Bb5 Bd5 45. Bc7 Kf7 46. Kd6 Bb3
47. a5 Bd5 48. Bd7 Bc4 49. Bc8 Bd5 50. Bb6 Be4 51. Bxe6+ Ke8 52. Bc8 Kf7 53. e6+
Ke8 54. Bd7+ Kf8 55. e7+ 1-0

[Event "Online Olym Div3 D 2020"]
[Site "chess.com INT"]
[Date "2020.07.09"]
[Round "9.2"]
[Board "5"]
[White "Vazquez, Facundo"]
[Black "Salazar Olchowski, Gabriel Anton"]
[Result "0-1"]
[WhiteTitle "CM"]
[BlackTitle "FM"]
[WhiteElo "2207"]
[BlackElo "2159"]
[WhiteTeam "Uruguay"]
[BlackTeam "Venezuela"]
[WhiteFideId "3007669"]
[BlackFideId "3920747"]
[EventDate "2020.07.07"]
[EventType "team"]

1. d4 Nf6 2. c4 c5 3. d5 b5 4. cxb5 a6 5. bxa6 g6 6. Nc3 Bg7 7. Nf3 O-O 8. a7
Rxa7 9. e4 e6 10. Be2 exd5 11. exd5 d6 12. O-O Na6 13. Nd2 Re8 14. Nc4 Ne4 15.
Nxe4 Rxe4 16. Be3 Nc7 17. Qc2 Re8 18. Rfd1 Nb5 19. a4 Nd4 20. Bxd4 Bxd4 21. a5
Qh4 22. Bf1 Rae7 23. Nxd6 Re2 24. Bxe2 Qxf2+ 25. Kh1 Rxe2 26. Qxe2 Qxe2 27. Nxc8
Bxb2 28. Rab1 Bf6 29. d6 Qa6 30. Rb8 Kg7 31. d7 Qxa5 32. Nd6 Bg5 0-1

[Event "Online Olym Div3 D 2020"]
[Site "chess.com INT"]
[Date "2020.07.09"]
[Round "9.2"]
[Board "6"]
[White "Alvarado Arcila, Marvia Josefina"]
[Black "Malan, Lucia"]
[Result "0-1"]
[WhiteTitle "WFM"]
[BlackTitle "WCM"]
[WhiteElo "1967"]
[BlackElo "1741"]
[WhiteTeam "Venezuela"]
[BlackTeam "Uruguay"]
[WhiteFideId "3909034"]
[BlackFideId "3007570"]
[EventDate "2020.07.07"]
[EventType "team"]

1. c4 e5 2. Nc3 Nf6 3. g3 Nc6 4. Bg2 d6 5. d3 g6 6. e4 Bg7 7. Nge2 O-O 8. O-O
Be6 9. h3 Nd7 10. Be3 f5 11. f4 Nc5 12. Kh2 Qd7 13. Rc1 Nb4 14. a3 Nbxd3 15. Rb1
exf4 16. gxf4 fxe4 17. b4 Bxc3 18. Nxc3 Bxc4 19. bxc5 dxc5 20. Nxe4 Qe7 21. Qc2
b5 22. Bd2 Rad8 23. Bc3 Nxf4 24. Nf6+ Rxf6 25. Bxf6 Qxf6 26. Rfd1 Bd3 27. Qb3+
c4 28. Qxb5 Bxb1 29. Qxc4+ Kh8 30. Rxb1 Nxg2 31. Kxg2 Rd2+ 32. Kg3 Qf2+ 33. Kg4
Rd4+ 0-1

[Event "Online Olym Div3 D 2020"]
[Site "chess.com INT"]
[Date "2020.07.09"]
[Round "9.3"]
[Board "1"]
[White "Machin Rivera, Mark"]
[Black "Henriquez Villagra, Cristobal"]
[Result "0-1"]
[WhiteTitle "IM"]
[BlackTitle "GM"]
[WhiteElo "2341"]
[BlackElo "2600"]
[WhiteTeam "Puerto Rico"]
[BlackTeam "Chile"]
[WhiteFideId "3101126"]
[BlackFideId "3409350"]
[EventDate "2020.07.07"]
[EventType "team"]

1. c4 Nf6 2. g3 g6 3. Bg2 Bg7 4. Nc3 O-O 5. d4 d6 6. e3 e5 7. Nge2 Nbd7 8. O-O
Re8 9. h3 c6 10. b3 e4 11. d5 cxd5 12. cxd5 Nc5 13. g4 h5 14. g5 Nh7 15. h4 Nxg5
16. hxg5 Qxg5 17. Bd2 Bg4 18. Qc2 Bf3 19. Nf4 Nd3 20. Nce2 Rac8 21. Qb1 Nxf4 22.
Nxf4 Be5 23. Qxe4 Bxe4 0-1

[Event "Online Olym Div3 D 2020"]
[Site "chess.com INT"]
[Date "2020.07.09"]
[Round "9.3"]
[Board "2"]
[White "Valenzuela Fuentealba, Luis"]
[Black "Zilleruelo Irizarry, Diego"]
[Result "1/2-1/2"]
[WhiteTitle "IM"]
[WhiteElo "2444"]
[BlackElo "2081"]
[WhiteTeam "Chile"]
[BlackTeam "Puerto Rico"]
[WhiteFideId "3401294"]
[BlackFideId "3101460"]
[EventDate "2020.07.07"]
[EventType "team"]

1. e4 c6 2. d4 d5 3. e5 c5 4. dxc5 Nc6 5. a3 a5 6. Bb5 e6 7. Be3 Bd7 8. Bxc6
Bxc6 9. Nf3 Ne7 10. O-O Nf5 11. Bd4 Be7 12. c3 a4 13. Nbd2 Qa5 14. Re1 Qb5 15.
b4 axb3 16. Qxb3 Qxb3 17. Nxb3 O-O 18. g4 Nh4 19. Nxh4 Bxh4 20. Nd2 Ra4 21. Reb1
Rfa8 22. Rb3 Be7 23. Kf1 R8a5 24. Ke1 Bxc5 25. Nf3 Bxa3 26. Bb6 Ra8 27. Nd4 h6
28. Bc7 Rxd4 29. cxd4 Bb4+ 30. Rxb4 Rxa1+ 31. Ke2 Ra4 32. Rxa4 Bxa4 33. Kd2 1/2-1/2

[Event "Online Olym Div3 D 2020"]
[Site "chess.com INT"]
[Date "2020.07.09"]
[Round "9.3"]
[Board "3"]
[White "Vazquez Maccarini, Danitza"]
[Black "Morales Flores, Monserrat"]
[Result "0-1"]
[WhiteTitle "FM"]
[BlackTitle "WCM"]
[WhiteElo "2090"]
[BlackElo "1974"]
[WhiteTeam "Puerto Rico"]
[BlackTeam "Chile"]
[WhiteFideId "3101193"]
[BlackFideId "3412016"]
[EventDate "2020.07.07"]
[EventType "team"]

1. e4 c5 2. Nf3 e6 3. c3 Nf6 4. Bd3 d5 5. exd5 Nxd5 6. Bc2 Nc6 7. d4 cxd4 8.
Nxd4 Bc5 9. Nxc6 bxc6 10. O-O Ba6 11. Re1 Qf6 12. Be3 Nxe3 13. fxe3 Rd8 14. Qf3
Qxf3 15. gxf3 Ke7 16. Be4 Rd6 17. b4 Bb6 18. a4 f5 19. Bc2 f4 20. Kf2 Bd3 21.
Bb3 fxe3+ 22. Kg3 e5 23. h3 Rg6+ 24. Kh2 Rf8 25. Bd1 e4 26. a5 Bc7+ 27. Kh1 e2
28. Bxe2 Bxe2 29. Rxe2 Rxf3 30. Rxe4+ Kf7 31. Rg4 Rxh3+ 32. Kg2 Rxg4+ 33. Kxh3
Rg3+ 34. Kh4 g5+ 35. Kh5 Rg1 36. c4 Kf6 37. b5 Kf5 38. Kh6 Rh1+ 39. Kg7 cxb5 40.
Ra2 Rxb1 41. c5 Rc1 42. Rf2+ Bf4 43. Kxh7 Rxc5 44. Re2 g4 45. a6 g3 46. Re7 Rc7
47. Rxc7 Bxc7 48. Kh8 g2 0-1

[Event "Online Olym Div3 D 2020"]
[Site "chess.com INT"]
[Date "2020.07.09"]
[Round "9.3"]
[Board "4"]
[White "Reyes Jara, Paula"]
[Black "Morales Santos, Natasha"]
[Result "1/2-1/2"]
[WhiteTitle "WFM"]
[BlackTitle "WIM"]
[WhiteElo "1871"]
[BlackElo "1949"]
[WhiteTeam "Chile"]
[BlackTeam "Puerto Rico"]
[WhiteFideId "3403920"]
[BlackFideId "3101703"]
[EventDate "2020.07.07"]
[EventType "team"]

1. e4 e6 2. d4 d5 3. Nc3 Nf6 4. e5 Nfd7 5. Nce2 c5 6. c3 Nc6 7. Nf3 cxd4 8. cxd4
f6 9. Nf4 Bb4+ 10. Bd2 Qe7 11. Bb5 O-O 12. O-O Bxd2 13. Qxd2 fxe5 14. dxe5 Ndxe5
15. Nxe5 Nxe5 16. Rfe1 Qf7 17. Nxd5 Nf3+ 18. gxf3 exd5 19. Bf1 Bd7 20. Bg2 Bc6
21. Qd4 a6 22. Re3 Qf4 23. Rd1 Rf6 24. b3 Raf8 25. a4 Qg5 26. Re5 Qg6 27. Kh1
Rf4 28. Qd3 Qh6 29. Kg1 Rh4 30. h3 d4 31. Rf5 Rf4 32. Qc4+ Kh8 33. Rxf8+ Rxf8
34. Rxd4 Qg6 35. Rg4 Qb1+ 36. Kh2 Qb2 37. Qc5 Re8 38. Rf4 h6 39. Kg3 Qe5 40.
Qxe5 Rxe5 41. Rf8+ Kh7 42. f4 Re6 43. Bxc6 Rxc6 44. Re8 Rb6 45. Re3 Kg6 46. f3
Kf6 47. Kg4 Rb4 48. h4 g6 49. Rd3 h5+ 50. Kg3 Kf5 51. Rc3 b6 52. Rd3 Ke6 1/2-1/2

[Event "Online Olym Div3 D 2020"]
[Site "chess.com INT"]
[Date "2020.07.09"]
[Round "9.3"]
[Board "5"]
[White "Rodriguez Rosich, Carlos"]
[Black "Donoso Diaz, Sebastian"]
[Result "0-1"]
[BlackTitle "FM"]
[WhiteElo "1574"]
[BlackElo "2192"]
[WhiteTeam "Puerto Rico"]
[BlackTeam "Chile"]
[WhiteFideId "3104230"]
[BlackFideId "3416097"]
[EventDate "2020.07.07"]
[EventType "team"]

1. e4 e5 2. Nf3 Nc6 3. Bc4 Be7 4. O-O d6 5. h3 Nf6 6. Re1 O-O 7. c3 Na5 8. Bd3
c5 9. Bc2 Qc7 10. d3 Nc6 11. Nbd2 Re8 12. Nf1 d5 13. Ne3 d4 14. Nf5 Bxf5 15.
exf5 Rad8 16. g4 e4 17. g5 exf3 18. Qxf3 Bd6 19. Bd2 Ne5 20. Rxe5 Bxe5 21. gxf6
Bxf6 22. Qg4 c4 23. Kh1 cxd3 24. Bb3 dxc3 25. bxc3 Re2 26. Bf4 Qc6+ 27. Kg1 Qxc3
28. Qh5 Qxa1+ 29. Kg2 Re7 30. Bc7 Rxc7 0-1

[Event "Online Olym Div3 D 2020"]
[Site "chess.com INT"]
[Date "2020.07.09"]
[Round "9.3"]
[Board "6"]
[White "Figueroa Bernal, Julia Dennis"]
[Black "Richiez Guillen, Ciara Bernadette"]
[Result "1-0"]
[WhiteTitle "WCM"]
[WhiteElo "1776"]
[BlackElo "1417"]
[WhiteTeam "Chile"]
[BlackTeam "Puerto Rico"]
[WhiteFideId "3435300"]
[BlackFideId "6424643"]
[EventDate "2020.07.07"]
[EventType "team"]

1. e4 e6 2. d4 d5 3. Nc3 Nf6 4. Bg5 dxe4 5. Nxe4 Be7 6. Bxf6 Bxf6 7. Nf3 Be7 8.
Bc4 O-O 9. O-O Nc6 10. c3 b6 11. Re1 Bb7 12. a4 a5 13. Qe2 Rb8 14. Rad1 Na7 15.
Ne5 Bd5 16. Bd3 Nc6 17. c4 Nxe5 18. dxe5 Bb7 19. Qg4 Bxe4 20. Bxe4 Qc8 21. Rd3
f5 22. exf6 Rxf6 23. Rh3 g6 24. Bf3 Bc5 25. Rxe6 Rxe6 26. Bd5 Kg7 27. Bxe6 Qf8
28. Rf3 Bxf2+ 29. Rxf2 Qc5 30. Qf3 Rf8 31. Qxf8+ Qxf8 32. Rxf8 Kxf8 33. Kf2 Ke7
34. Bg8 h6 35. Ke3 Kd6 36. Kd4 c6 37. Bf7 g5 38. g4 c5+ 39. Ke4 Ke7 40. Bg6 Kf6
41. Bf5 Ke7 42. Kd5 Kd8 43. Kc6 b5 44. axb5 a4 45. b6 a3 46. bxa3 Ke7 47. b7 Kf6
48. b8=Q Kg7 49. Qe8 h5 50. Qg6+ Kf8 51. Be6 Ke7 52. Qf7+ Kd8 53. Qd7# 1-0

[Event "Online Olym Div3 D 2020"]
[Site "chess.com INT"]
[Date "2020.07.09"]
[Round "9.4"]
[Board "1"]
[White "Boidiya, Sidi"]
[Black "Paiva, Donaldo"]
[Result "1-0"]
[WhiteTitle "FM"]
[BlackTitle "CM"]
[WhiteElo "2040"]
[BlackElo "2230"]
[WhiteTeam "Mauritania"]
[BlackTeam "Mozambique"]
[WhiteFideId "19600100"]
[BlackFideId "14800098"]
[EventDate "2020.07.07"]
[EventType "team"]

1. e4 c6 2. d4 d5 3. Nd2 dxe4 4. Nxe4 Bf5 5. Ng3 Bg6 6. h4 h6 7. h5 Bh7 8. Nf3
Nd7 9. Bd3 Bxd3 10. Qxd3 e6 11. Bd2 Qc7 12. O-O-O Ngf6 13. Kb1 O-O-O 14. c4 Bd6
15. Ne4 Nxe4 16. Qxe4 c5 17. Bc3 Nf6 18. Qe2 Kb8 19. dxc5 Qxc5 20. Ne5 Bxe5 21.
Bxe5+ Kc8 22. f4 Rxd1+ 23. Rxd1 Rd8 24. b3 a6 25. g4 Ne8 26. Rxd8+ Kxd8 27. Qd3+
Ke7 28. Qd4 Qxd4 29. Bxd4 Nf6 30. Bxf6+ Kxf6 31. Kc2 g6 32. Kd3 gxh5 33. gxh5
Kf5 34. Ke3 Kg4 35. b4 Kxh5 36. b5 axb5 37. cxb5 Kg4 38. a4 h5 39. a5 h4 40. a6
bxa6 41. bxa6 1-0

[Event "Online Olym Div3 D 2020"]
[Site "chess.com INT"]
[Date "2020.07.09"]
[Round "9.4"]
[Board "2"]
[White "Napoleao, Lourenco"]
[Black "Taleb Mohamed, Ahmed"]
[Result "1-0"]
[BlackTitle "CM"]
[WhiteElo "1807"]
[BlackElo "1950"]
[WhiteTeam "Mozambique"]
[BlackTeam "Mauritania"]
[WhiteFideId "14801302"]
[BlackFideId "19600038"]
[EventDate "2020.07.07"]
[EventType "team"]

1. e4 d5 2. exd5 Nf6 3. d4 Nxd5 4. Be2 c6 5. c4 Nf6 6. Nc3 Bf5 7. Nf3 e6 8. O-O
Be7 9. Bf4 h6 10. h3 O-O 11. Qb3 Qb6 12. c5 Qxb3 13. axb3 Nbd7 14. b4 Ne4 15. b5
Ndf6 16. bxc6 Nxc3 17. bxc3 bxc6 18. Ra6 Nd5 19. Bd2 Rfc8 20. Ne5 Bf6 21. Nxc6
Rc7 22. Rfa1 Rb7 23. Bc4 Rb2 24. Bxd5 exd5 25. Be3 Re8 26. Rxa7 Rxe3 27. fxe3
Be4 28. R7a2 Rb3 29. Ra3 Rb2 30. R1a2 Rb1+ 31. Kh2 Bg5 32. c4 Re1 33. cxd5 Bxd5
34. Ra1 Re2 35. e4 Bxe4 36. R3a2 Bf4+ 37. Kg1 Rxa2 38. Rxa2 Bxc6 39. Ra6 Bd5 40.
c6 Be3+ 41. Kh1 Bxc6 42. Rxc6 Bxd4 43. g4 g6 44. Kg2 Kg7 45. Rd6 Be5 46. Rd7 g5
47. Kf3 Kg6 48. Rb7 f6 49. Ke4 Bc3 50. Rc7 Be5 51. Ra7 Bg3 52. Ra6 Be5 53. Kd5
Bc3 54. Ke6 Be5 55. Ra7 h5 56. Rb7 hxg4 57. hxg4 Bd4 58. Rd7 Be5 59. Rd8 Kg7 60.
Kf5 Bb2 61. Rd7+ Kf8 62. Ke6 Be5 63. Rh7 Kg8 64. Rb7 Kf8 65. Rf7+ Kg8 66. Ra7
Kf8 67. Ra8+ Kg7 68. Re8 Bb2 69. Re7+ Kg6 70. Rb7 Bd4 71. Rb8 Kg7 72. Rd8 Be5
73. Kf5 Kf7 74. Rd7+ Ke8 75. Ke6 Kf8 76. Rd3 Kg7 77. Ra3 Kg6 78. Ra4 Bb2 79. Rb4
Bc3 80. Rb5 Bd4 81. Rb8 Be5 82. Rg8+ Kh7 83. Kf7 Bb2 84. Rg7+ Kh8 85. Kg6 f5 86.
Rc7 1-0

[Event "Online Olym Div3 D 2020"]
[Site "chess.com INT"]
[Date "2020.07.09"]
[Round "9.4"]
[Board "5"]
[White "Mohamed Abderrahim, Taleb Mohamed"]
[Black "Farisse, Joao"]
[Result "0-1"]
[WhiteElo "1811"]
[BlackElo "1574"]
[WhiteTeam "Mauritania"]
[BlackTeam "Mozambique"]
[WhiteFideId "19601441"]
[BlackFideId "14800730"]
[EventDate "2020.07.07"]
[EventType "team"]

1. e4 e5 2. Nf3 d6 3. d4 exd4 4. Nxd4 Nf6 5. Nc3 a6 6. a4 Be7 7. Be2 h6 8. O-O
O-O 9. Be3 Nbd7 10. f4 Nc5 11. Bf3 Re8 12. b4 Ne6 13. Nxe6 Bxe6 14. e5 dxe5 15.
fxe5 Bxb4 16. exf6 Bxc3 17. fxg7 Qxd1 18. Raxd1 Bc4 19. Bxh6 Bxf1 20. Kxf1 Rad8
21. Rb1 b6 22. Be2 a5 23. Rb3 Be5 24. h4 Rd6 25. Bg5 Bf6 26. Bf4 Rde6 27. Bc4
Re4 28. Bb5 Rxf4+ 0-1

[Event "Online Olym Div3 D 2020"]
[Site "chess.com INT"]
[Date "2020.07.09"]
[Round "9.5"]
[Board "1"]
[White "White, Rushawn"]
[Black "Andersen, Mads"]
[Result "0-1"]
[BlackTitle "GM"]
[WhiteElo "1743"]
[BlackElo "2585"]
[WhiteTeam "Jamaica"]
[BlackTeam "Denmark"]
[WhiteFideId "7402805"]
[BlackFideId "1413864"]
[EventDate "2020.07.07"]
[EventType "team"]

1. e4 e5 2. Nf3 Nc6 3. d4 exd4 4. Bc4 Nf6 5. O-O Nxe4 6. Re1 d5 7. Bxd5 Qxd5 8.
Nc3 Qh5 9. Nxe4 Be6 10. Bg5 Bd6 11. Nxd6+ cxd6 12. Bf4 Qd5 13. Qd2 O-O 14. h3
Rac8 15. Rad1 Qxa2 16. Nxd4 Nxd4 17. Qxd4 Rxc2 18. Bxd6 Rd8 19. Qh4 Rcc8 20. Ba3
Rxd1 21. Rxd1 f6 22. Qe4 Qb3 23. Rd3 Qc4 24. Rd4 Qc6 25. Qd3 Re8 26. Rd6 Qc1+
27. Kh2 Qf4+ 28. Kg1 Qc1+ 29. Kh2 Qf4+ 30. Kg1 Bc4 31. Qg3 Qxg3 32. fxg3 Bb5 33.
Rd2 Kf7 34. Kf2 Bc6 35. Bc5 a5 36. Rd3 Re5 37. Be3 Rf5+ 38. Kg1 h5 39. Ra3 Rd5
40. Kf2 g5 41. h4 gxh4 42. gxh4 a4 43. g3 Ke6 44. Ke2 Bb5+ 45. Kf3 Kf5 46. Rc3
Bc6 47. Kf2 Kg4 48. Bf4 Rb5 49. Rc2 Rb3 50. Ke1 f5 51. Kd2 Be4 52. Rc4 Rxb2+ 53.
Kc1 a3 54. Ra4 Rc2+ 55. Kd1 Rc3 56. Bc1 Rxg3 57. Rxa3 Rxa3 58. Bxa3 Kxh4 59. Bd6
Kh3 60. Ke1 Kg2 61. Ke2 h4 62. Bf4 h3 63. Bd6 h2 64. Bxh2 Kxh2 65. Ke3 Kg3 66.
Ke2 f4 67. Kf1 f3 68. Kg1 f2+ 69. Kf1 Bd3# 0-1

[Event "Online Olym Div3 D 2020"]
[Site "chess.com INT"]
[Date "2020.07.09"]
[Round "9.5"]
[Board "2"]
[White "Hansen, Sune Berg"]
[Black "Curriah, Malik"]
[Result "1/2-1/2"]
[WhiteTitle "GM"]
[BlackTitle "CM"]
[WhiteElo "2552"]
[BlackElo "2043"]
[WhiteTeam "Denmark"]
[BlackTeam "Jamaica"]
[WhiteFideId "1400266"]
[BlackFideId "7402236"]
[EventDate "2020.07.07"]
[EventType "team"]

1. e4 c5 2. Nf3 d6 3. Bb5+ Bd7 4. a4 Nc6 5. O-O Nf6 6. d3 e6 7. Nbd2 Be7 8. Re1
O-O 9. Nc4 e5 10. h3 Ne8 11. Ne3 Nc7 12. Bc4 Be6 13. c3 a6 14. Nd5 Rb8 15. d4
cxd4 16. cxd4 Bxd5 17. exd5 Nxd4 18. Nxd4 exd4 19. Qxd4 Bf6 20. Qg4 Re8 21. Rd1
Qc8 22. Qf3 Ne6 23. dxe6 Qxc4 24. exf7+ Qxf7 25. Ra3 Qc4 26. Rad3 Qxa4 27. Rxd6
Qe4 28. Qb3+ Kh8 29. Be3 Rbd8 30. Rd7 Rxd7 31. Rxd7 Qb1+ 32. Kh2 Qxb2 33. Qxb2
Bxb2 34. Rxb7 Be5+ 35. g3 Ra8 36. f4 Bc3 37. Rb3 Rc8 38. Rb7 Ra8 39. Rc7 Ba5 40.
Rb7 Bc3 1/2-1/2

[Event "Online Olym Div3 D 2020"]
[Site "chess.com INT"]
[Date "2020.07.09"]
[Round "9.5"]
[Board "3"]
[White "Brown, Raehanna"]
[Black "Kryger, Oksana"]
[Result "0-1"]
[WhiteTitle "WCM"]
[BlackTitle "WIM"]
[WhiteElo "1594"]
[BlackElo "2113"]
[WhiteTeam "Jamaica"]
[BlackTeam "Denmark"]
[WhiteFideId "7402740"]
[BlackFideId "1404695"]
[EventDate "2020.07.07"]
[EventType "team"]

1. c4 e5 2. Nc3 Nf6 3. Nf3 Nc6 4. g3 d5 5. cxd5 Nxd5 6. Bg2 Nb6 7. O-O Be7 8. a3
a5 9. d3 O-O 10. Be3 Be6 11. Rc1 f6 12. Na4 Nd4 13. Bxd4 exd4 14. Nxb6 cxb6 15.
Qa4 Bc5 16. Qb5 a4 17. Nd2 Ra5 18. Qxa5 bxa5 19. Rxc5 Qb6 20. Rc2 Rc8 21. Rfc1
Rxc2 22. Rxc2 Kf7 23. Kf1 Ke7 24. Ke1 Kd8 25. Bf3 Qb5 26. Ne4 b6 27. Nd6 Qb3 28.
Kd2 f5 29. e4 dxe3+ 30. fxe3 Bd5 31. Be2 g6 32. e4 fxe4 33. dxe4 Be6 34. e5 Qd5+
35. Bd3 Qxe5 36. Ne4 Bb3 37. Rc3 Bd5 38. Nf2 Qd4 39. Nd1 b5 40. Kc2 b4 0-1

[Event "Online Olym Div3 D 2020"]
[Site "chess.com INT"]
[Date "2020.07.09"]
[Round "9.5"]
[Board "4"]
[White "Guindy, Esmat Susanne"]
[Black "Curwin, Nickaylah"]
[Result "1-0"]
[WhiteTitle "WFM"]
[WhiteElo "2131"]
[BlackElo "1509"]
[WhiteTeam "Denmark"]
[BlackTeam "Jamaica"]
[WhiteFideId "1401637"]
[BlackFideId "7402627"]
[EventDate "2020.07.07"]
[EventType "team"]

1. d4 d5 2. c4 c6 3. Nc3 e6 4. Nf3 f5 5. Qb3 Nf6 6. Bf4 Bd6 7. Bxd6 Qxd6 8. c5
Qe7 9. e3 Nbd7 10. Rc1 O-O 11. g3 e5 12. Nxe5 Nxe5 13. dxe5 Qxe5 14. Ne2 Rb8 15.
Bg2 Re8 16. Nd4 f4 17. gxf4 Qxf4 18. O-O Qh4 19. e4 Nxe4 20. Nxc6 Ra8 21. Qxd5+
Kh8 22. Ne5 Nf6 23. Nf7+ Kg8 24. Nh6+ 1-0